000
00290nam a2200121Ia 4500
100
_a
Radhakrishnan /M/ Balasubramania
942
_c
BK
654
_a
computer
245
_a
Computer Installation & Troubleshooting
260
_b
ISTE Learning Materials
546
_a
ENGLISH
999
_c
23969
_d
23969